00954cam a2200205 a 450000100100000000500170001000800410002704000250006808200190009310000280011224000870014024501270022726000520035430000250040650400530043153401090048460000630059365000660065670000260072200000276420200929150243.0830310s1983 mx b s001 0 spa  aDO-SdBNPbspacBNPHU a928.973bD553J1 aJuhasz, Suzanne,d1942-14aThe undiscovered continent. Emily Dickinson and the space of the mind.lEspañol.13aEl continente por descubrir :bEmily Dickinson y el espacio de la mente /cSuzanne Juhasz; Traducción de Elisa Moreno C. aBloomington :bIndiana University Press,c1983. aix, 189 p. ;c25 cm. aIncluye referencias bibliográficas e índice. aTítulo de la obra en inglés:tThe undiscovered continent. Emily Dickinson and the space of the mind.14aDICKINSON, EMILY,d1830-1886xCRÍTICA E INTERPRETACIÓN 4aMujeres en la literaturazEstados UnidosxHistoriaySIGLO XIX1 aMoreno C, Elisa,etr.